[Event "SZCZYRK OPEN - TURNIEJ Z OKAZJI SWIETA NIEPODLEGLOSCI - BLITZ 3'+2'' "]
[Site "Szczyrk"]
[Date "2018-11-11"]
[Round "5.50"]
[White "Guzik, Michal"]
[Black "Majdanski, Maksymilian "]
[Result "0-1"]
[WhiteTitle ""]
[BlackTitle ""]
[WhiteElo "1304"]
[BlackElo "1393"]

1. e4 c5 2. Nf3 Nc6 3. d4 cxd4 4. Nxd4 Nf6 5. Nc3 e5 6. Nb3 Bb4 7. Bd3 d5 8. exd5
Nxd5 9. Bd2 O-O 10. O-O Nxc3 11. bxc3 Bd6 12. Qh5 g6 13. Qe2 f5 14. Bc4+ Kg7 15.
Rad1 Qf6 16. Be3 f4 17. Bc5 Bxc5 18. Nxc5 Qe7 19. Rd2 Qxc5 20. Rfd1 Bf5 21. Rd5
Qa3 22. Rb5 Rab8 23. Bd5 Qxc3 24. Bxc6 Qxc6 25. Qxe5+ Kg8 26. Rc5 Qf6 27. Qd5+
Be6 28. Qd2 Rfd8 29. Qe2 Rxd1+ 30. Qxd1 Rd8 31. Qe1 Bf7 32. h3 f3 33. g3 Qd4 34.
Rb5 Qd1 35. Qxd1 Rxd1+ 36. Kh2 b6 37. Re5 Rd2 38. Kg1 Rxc2 39. Re3 Bd5 40. Rd3
Rc5 41. Ra3 a5 42. Re3 Kf7 0-1

[Event "SZCZYRK OPEN - TURNIEJ Z OKAZJI SWIETA NIEPODLEGLOSCI - BLITZ 3'+2'' "]
[Site "Szczyrk"]
[Date "2018-11-11"]
[Round "5.51"]
[White "Jaskulski, Jan "]
[Black "Jaworski, Tymon"]
[Result "0-1"]
[WhiteTitle ""]
[BlackTitle ""]
[WhiteElo "1186"]
[BlackElo "1372"]

1. e4 c5 2. Nf3 Nc6 3. d4 cxd4 4. Nxd4 e5 5. Nb5 d6 6. N1c3 a6 7. Na3 b5 8. Nd5
Nf6 9. Bg5 Be7 10. Bxf6 Bxf6 11. Be2 Bb7 12. O-O Nd4 13. c3 Nxe2+ 14. Qxe2 Bxd5
15. exd5 O-O 16. Nc2 Rc8 17. Nb4 Qb6 18. Nc6 Qc5 19. Kh1 Qxd5 20. Nb4 Qb7 21.
Rad1 Rfd8 22. Nd5 Be7 23. f4 f6 24. Qg4 Bf8 25. fxe5 dxe5 26. Nxf6+ Kh8 27. Qh4
h6 28. Rxd8 Rxd8 29. Nh7 Qe7 30. g3 Qxh4 31. gxh4 Kxh7 32. Kg2 Rd2+ 33. Rf2 Rxf2+
34. Kxf2 Be7 35. Kf3 Bxh4 36. h3 Kg6 37. Ke4 Bf6 38. b4 Kf7 39. Kd5 Ke7 40. Kc6
e4 41. Kb6 Bxc3 0-1

[Event "SZCZYRK OPEN - TURNIEJ Z OKAZJI SWIETA NIEPODLEGLOSCI - BLITZ 3'+2'' "]
[Site "Szczyrk"]
[Date "2018-11-11"]
[Round "5.52"]
[White "Wydmanski, Szymon"]
[Black "Wydmanski, Robert"]
[Result "1-0"]
[WhiteTitle ""]
[BlackTitle ""]
[WhiteElo "1165"]
[BlackElo "1345"]

1. e4 c5 2. Nf3 d6 3. d4 cxd4 4. Nxd4 Nf6 5. Nc3 a6 6. Bg5 Nbd7 7. f4 h6 8. Bh4
b5 9. Bd3 Bb7 10. Qe2 Qb6 11. Bf2 Nc5 12. Nb3 Rc8 13. Nxc5 dxc5 14. e5 Nd7 15.
b4 Qc7 16. bxc5 Nxc5 17. Ne4 Nxd3+ 18. cxd3 Bxe4 19. Qxe4 Qc3+ 20. Ke2 Qa5 21.
Rhc1 Rd8 22. Qc6+ Rd7 23. Qc8+ Rd8 24. Qc6+ Rd7 25. Bb6 Qa4 26. Qc8+ Rd8 27. Qxd8#
1-0

[Event "SZCZYRK OPEN - TURNIEJ Z OKAZJI SWIETA NIEPODLEGLOSCI - BLITZ 3'+2'' "]
[Site "Szczyrk"]
[Date "2018-11-11"]
[Round "5.53"]
[White "Zabrzanska, Weronika "]
[Black "Jagodzinski, Jaromir "]
[Result "1-0"]
[WhiteTitle ""]
[BlackTitle ""]
[WhiteElo "1344"]
[BlackElo "1141"]

1. e4 d5 2. exd5 Qxd5 3. Nc3 Qa5 4. d4 Nf6 5. Nf3 Bg4 6. Be2 e6 7. Bd2 c6 8. O-O
Qb6 9. Bc1 Be7 10. h3 Bh5 11. Be3 Qxb2 12. Na4 Qa3 13. c4 O-O 14. Rb1 b6 15. c5
b5 16. Nb2 Qxa2 17. Qd2 Qd5 18. Ra1 Ne4 19. Qe1 Nd7 20. g4 Bg6 21. Nd2 Nxd2 22.
Qxd2 Be4 23. f4 Bh1 24. Bd1 Be4 25. Bc2 Bxc2 26. Qxc2 f5 27. g5 g6 28. h4 Kg7
29. h5 gxh5 30. Qh2 h4 31. Qxh4 Qe4 32. Rae1 Qc2 33. Rf2 Qc3 34. Rfe2 a5 35. Rh2
h5 36. Qxh5 Qxe1+ 37. Kg2 Rh8 38. Qf3 Rxh2+ 39. Kxh2 Qc3 40. Kg3 Qxb2 41. Qh1
Rh8 42. Qg1 Bf8 43. d5 exd5 44. Bd4+ Kg8 45. Bxb2 Kf7 46. Bxh8 Bg7 47. Bxg7 Kxg7
48. Qe3 Kf7 49. Qa3 b4 50. Qxa5 b3 51. Qb4 d4 52. Qxb3+ 1-0

[Event "SZCZYRK OPEN - TURNIEJ Z OKAZJI SWIETA NIEPODLEGLOSCI - BLITZ 3'+2'' "]
[Site "Szczyrk"]
[Date "2018-11-11"]
[Round "5.54"]
[White "Laszczuk, Zuzanna"]
[Black "Banaczyk, Piotr"]
[Result "1-0"]
[WhiteTitle ""]
[BlackTitle ""]
[WhiteElo "1332"]
[BlackElo "1125"]

1. e4 e6 2. d3 d5 3. Nd2 Nc6 4. g3 Nf6 5. Bg2 dxe4 6. dxe4 Bc5 7. Ne2 O-O 8. O-O
Bd7 9. h3 e5 10. Kh2 h5 11. f4 exf4 12. gxf4 Re8 13. e5 Nh7 14. Ng3 h4 15. Nge4
Be7 16. Qh5 g6 17. Qe2 Bf5 18. Rd1 Qc8 19. Nf3 Rd8 20. Bd2 Qe6 21. Be1 Bxe4 22.
Qxe4 Bc5 23. Bxh4 Rxd1 24. Rxd1 Qxa2 25. b3 Qa5 26. Qd5 Nb4 27. Qc4 Nc6 28. e6
fxe6 29. Qxe6+ Kh8 30. Bf6+ Nxf6 31. Qxf6+ Kh7 32. Ng5+ Kh6 33. Nf7+ Kh7 34. Rd7
Be7 35. Qe6 Qf5 36. Qxf5 gxf5 37. Ng5+ Kg6 38. Bxc6 Bxg5 39. Bxb7 Bxf4+ 40. Kg2
Rg8 41. Kf3 Kg5 42. Bd5 1-0

[Event "SZCZYRK OPEN - TURNIEJ Z OKAZJI SWIETA NIEPODLEGLOSCI - BLITZ 3'+2'' "]
[Site "Szczyrk"]
[Date "2018-11-11"]
[Round "5.55"]
[White "Wolski, Michal "]
[Black "Dumin, Karolina"]
[Result "1-0"]
[WhiteTitle ""]
[BlackTitle ""]
[WhiteElo "1311"]
[BlackElo "1078"]

1. e4 e6 2. d4 b6 3. Nd2 Bb7 4. c4 Bb4 5. Bd3 Bxd2+ 6. Bxd2 Ne7 7. Nf3 O-O 8. O-O
f5 9. e5 Ng6 10. Ng5 Nc6 11. Qh5 h6 12. Qxg6 Re8 13. Qh7+ Kf8 14. Qh8+ Ke7 15.
Qxg7# Nb8 1-0

[Event "SZCZYRK OPEN - TURNIEJ Z OKAZJI SWIETA NIEPODLEGLOSCI - BLITZ 3'+2'' "]
[Site "Szczyrk"]
[Date "2018-11-11"]
[Round "5.56"]
[White "Duda, Leon "]
[Black "Gromek, Pawel"]
[Result "1-0"]
[WhiteTitle ""]
[BlackTitle ""]
[WhiteElo "1142"]
[BlackElo "1300"]

1. e4 e6 2. d4 d5 3. exd5 exd5 4. Nf3 Bd6 5. c4 c6 6. cxd5 cxd5 7. Bb5+ Bd7 8.
Qe2+ Qe7 9. Qxe7+ Nxe7 10. Bxd7+ Kxd7 11. Nc3 Nbc6 12. O-O Rhe8 13. Bd2 Bb4 14.
a3 Bxc3 15. Bxc3 Nf5 16. Rfe1 Nd6 17. Nd2 f6 18. Re3 Rxe3 19. fxe3 Re8 20. Kf2
Ne4+ 21. Nxe4 Rxe4 22. Re1 Na5 23. Bxa5 b6 24. Bc3 a5 25. b4 a4 26. b5 Re8 27.
Kf3 Rc8 28. Bb4 Rc2 29. Re2 Rc1 30. e4 dxe4+ 31. Rxe4 Rh1 32. Re7+ Kd8 33. Rxg7
Rxh2 34. Rf7 Rh6 35. Be7+ Ke8 36. Rxf6 Rxf6+ 37. Bxf6 Kf7 38. Be5 Ke6 39. Ke4
h5 40. d5+ Ke7 41. Kf5 h4 42. d6+ Kd7 43. Kg4 Ke6 44. Kxh4 Kxe5 45. d7 Kd5 46.
d8=Q+ Kc5 47. Qg5+ Kc4 48. Kg4 Kb3 49. Qc1 Ka2 50. Kf3 Kb3 51. Ke3 Ka2 52. Kd3
Kb3 53. Qc3+ Ka2 54. Kd2 Kb1 55. Qc2+ Ka1 56. Qc3+ Kb1 57. Qb4+ Ka1 58. Kc2 Ka2
59. Qb2# 1-0

[Event "SZCZYRK OPEN - TURNIEJ Z OKAZJI SWIETA NIEPODLEGLOSCI - BLITZ 3'+2'' "]
[Site "Szczyrk"]
[Date "2018-11-11"]
[Round "5.57"]
[White "Plichta, Olga"]
[Black "Jakubiec, Maurycy"]
[Result "1-0"]
[WhiteTitle ""]
[BlackTitle ""]
[WhiteElo "1300"]
[BlackElo "1093"]

1. e4 c5 2. f4 d6 3. Nc3 Nc6 4. d3 Qc7 5. Nf3 e6 6. g3 Be7 7. Bg2 Bd7 8. Qe2 Nf6
9. e5 dxe5 10. fxe5 Nxe5 1-0

[Event "SZCZYRK OPEN - TURNIEJ Z OKAZJI SWIETA NIEPODLEGLOSCI - BLITZ 3'+2'' "]
[Site "Szczyrk"]
[Date "2018-11-11"]
[Round "5.58"]
[White "Grzadka, Artur "]
[Black "Polakiewicz, Blanka"]
[Result "1-0"]
[WhiteTitle ""]
[BlackTitle ""]
[WhiteElo "1287"]
[BlackElo "1134"]

1. d4 Nf6 2. c4 g6 3. Nc3 Bg7 4. e4 d6 5. f3 O-O 6. Be3 b6 7. Nge2 Bb7 8. Qd2 Nbd7
9. O-O-O c6 10. g4 h6 11. Bxh6 Bxh6 12. Qxh6 Qc7 13. h4 Rac8 14. h5 Rfd8 15. hxg6
Nh7 16. Qxh7+ Kf8 17. Qh8# 1-0

[Event "SZCZYRK OPEN - TURNIEJ Z OKAZJI SWIETA NIEPODLEGLOSCI - BLITZ 3'+2'' "]
[Site "Szczyrk"]
[Date "2018-11-11"]
[Round "5.59"]
[White "Lewicka, Joanna"]
[Black "Jaros, Emilia"]
[Result "1-0"]
[WhiteTitle ""]
[BlackTitle ""]
[WhiteElo "1260"]
[BlackElo "1117"]

1. e4 e5 2. Nf3 Nc6 3. Bc4 Bc5 4. c3 a6 5. d4 exd4 6. cxd4 Bb4+ 7. Bd2 Bxd2+ 8.
Nbxd2 b5 9. Bb3 Nf6 10. O-O d6 11. h3 O-O 12. d5 Ne5 13. Nxe5 dxe5 14. Re1 Bb7
15. Nf3 Re8 16. Rc1 Qd7 17. Qc2 Rac8 18. Qd3 c6 19. d6 c5 20. Qd2 c4 21. Bd1 Nxe4
22. Qe3 Qxd6 23. Nh2 Nf6 24. Bf3 Bxf3 25. Nxf3 Nd7 26. Rcd1 Qe7 27. Rd5 f6 28.
Qd2 Nb6 29. Rd6 Rcd8 30. Rxd8 Qxd8 31. Qe3 Nd5 32. Qe4 a5 33. Rd1 Qa8 34. Qxd5+
Qxd5 35. Rxd5 Rb8 36. Rc5 a4 37. Nd2 Kf7 38. Kf1 Kg6 39. Ke2 Kf5 40. Kf3 g5 41.
g4+ Kg6 42. Ke4 h6 43. Rc6 Kg7 44. Kf5 Rd8 45. Ne4 Rf8 46. Rc7+ Kh8 47. Nxf6 Rd8
48. Rh7# 1-0

[Event "SZCZYRK OPEN - TURNIEJ Z OKAZJI SWIETA NIEPODLEGLOSCI - BLITZ 3'+2'' "]
[Site "Szczyrk"]
[Date "2018-11-11"]
[Round "5.60"]
[White "Seo, Ian "]
[Black "Zmuda, Piotr "]
[Result "0-1"]
[WhiteTitle ""]
[BlackTitle ""]
[WhiteElo "1119"]
[BlackElo "1250"]

1. e4 e5 2. Nf3 f5 3. Nc3 fxe4 4. Nxe4 Nf6 5. Nc3 e4 6. Ng5 Be7 7. Ngxe4 O-O 8.
d3 d5 9. Nxf6+ Bxf6 10. Bd2 Qe7+ 11. Be2 Qc5 12. O-O Bh4 13. Be3 Qe7 14. g3 Qd6
15. Nxd5 Nc6 16. Nc3 Qg6 17. Ne4 Bf6 18. c3 Bd7 19. Qb3+ Kh8 20. Qxb7 Bg4 21.
Bxg4 Qxg4 22. Qxc7 Ne5 23. d4 Nd3 24. Qc4 Qg6 25. b3 0-1

[Event "SZCZYRK OPEN - TURNIEJ Z OKAZJI SWIETA NIEPODLEGLOSCI - BLITZ 3'+2'' "]
[Site "Szczyrk"]
[Date "2018-11-11"]
[Round "5.61"]
[White "Ochalik, Filip "]
[Black "Kubik, Rafal "]
[Result "1-0"]
[WhiteTitle ""]
[BlackTitle ""]
[WhiteElo "1247"]
[BlackElo "1109"]

1. d4 d5 2. c4 e6 3. Nc3 Nf6 4. Bg5 Be7 5. e3 c6 6. Nf3 Nbd7 7. cxd5 exd5 8. Bd3
Ne4 9. Bxe7 Qxe7 10. O-O O-O 11. Qc2 Ndf6 12. a3 Re8 13. Ne5 Nxc3 14. bxc3 Nd7
15. Nxd7 Bxd7 16. Bxh7+ Kh8 17. Bf5 Bxf5 18. Qxf5 Qe6 19. Qxe6 Rxe6 20. Rab1 b6
21. Rfc1 b5 22. Ra1 Kh7 23. a4 a6 24. axb5 cxb5 25. Ra5 Rc6 26. g3 b4 27. Rxd5
bxc3 28. Rc5 1-0

[Event "SZCZYRK OPEN - TURNIEJ Z OKAZJI SWIETA NIEPODLEGLOSCI - BLITZ 3'+2'' "]
[Site "Szczyrk"]
[Date "2018-11-11"]
[Round "5.62"]
[White "Kotowicz, Kamil"]
[Black "Zablocka, Marta"]
[Result "1/2-1/2"]
[WhiteTitle ""]
[BlackTitle ""]
[WhiteElo "1243"]
[BlackElo "1153"]

1. d4 Nf6 2. Nf3 e6 3. Bf4 h6 4. e3 Nc6 5. c3 b6 6. Bd3 Bb7 7. Nbd2 Ne7 8. e4 Ng6
9. Bg3 Nh5 10. Qe2 Nhf4 11. Qf1 Be7 12. Bxf4 Nxf4 13. g3 Nxd3+ 14. Qxd3 O-O 15.
h4 f5 16. e5 d6 17. exd6 Bxd6 18. O-O-O Qe8 19. Rde1 Qf7 20. Ne5 Bxe5 21. dxe5
Bxh1 22. Rxh1 Rad8 23. Qc2 Qd7 24. Rd1 Qb5 25. c4 Qxe5 26. Nf3 Qf6 27. Rxd8 Rxd8
28. c5 Rd5 29. cxb6 cxb6 30. Kb1 Qd8 31. a3 Rd1+ 32. Ka2 Qd5+ 33. Qb3 Qxb3+ 34.
Kxb3 Rd3+ 35. Kc4 Rxf3 36. b4 Rxf2 37. Kb5 Ra2 38. a4 a6+ 39. Kxa6 Rxa4+ 40. Kxb6
Rxb4+ 41. Kc5 Rb3 42. Kd6 Rxg3 43. Kxe6 Rg4 44. Kxf5 Rxh4 45. Kg6 Rc4 46. Kh5
Kf7 1/2-1/2

[Event "SZCZYRK OPEN - TURNIEJ Z OKAZJI SWIETA NIEPODLEGLOSCI - BLITZ 3'+2'' "]
[Site "Szczyrk"]
[Date "2018-11-11"]
[Round "5.63"]
[White "Sprzeczka, Emilia"]
[Black "Guzik, Wojciech"]
[Result "1-0"]
[WhiteTitle ""]
[BlackTitle ""]
[WhiteElo "1107"]
[BlackElo "1224"]

1. e4 c5 2. Nf3 e6 3. d4 cxd4 4. Nxd4 a6 5. Nc3 Qc7 6. Bd3 Nf6 7. O-O Be7 8. Re1
d6 9. Nf3 Nbd7 10. Bg5 h6 11. Bxf6 Bxf6 12. Qd2 b5 13. a3 Nc5 14. Bf1 Bb7 15.
b4 Bxc3 16. Qxc3 Rc8 17. bxc5 dxc5 18. Nd4 c4 19. Rad1 Rd8 20. Nf3 Bd5 21. Be2
Qb7 22. h3 Rc8 23. Bf1 Qb6 24. Nd4 a5 25. Rb1 b4 26. axb4 axb4 27. Rxb4 Qa5 28.
Re3 Qd8 29. Nb5 Qg5 30. Rg3 Qh5 31. Nd6+ Ra8 32. Qe3+ 1-0

[Event "SZCZYRK OPEN - TURNIEJ Z OKAZJI SWIETA NIEPODLEGLOSCI - BLITZ 3'+2'' "]
[Site "Szczyrk"]
[Date "2018-11-11"]
[Round "5.64"]
[White "Szwacinska, Wiktoria "]
[Black "Bohdanowicz, Nikola"]
[Result "1-0"]
[WhiteTitle ""]
[BlackTitle ""]
[WhiteElo "1117"]
[BlackElo "1220"]

1. e4 c5 2. Bc4 Nc6 3. Nc3 Nf6 4. d3 d6 5. h3 g6 6. Nf3 Bg7 7. Be3 O-O 8. O-O Nd7
9. Qd2 Nde5 10. Nxe5 Nxe5 11. Bb3 a6 12. Bh6 b5 13. a3 Bd7 14. Nd5 a5 15. c3 a4
16. Ba2 Be6 17. Bxg7 Kxg7 18. Nf4 Bxa2 19. Rxa2 f5 20. exf5 Rxf5 21. Ne2 Qd7 22.
Ng3 Rf6 23. Raa1 Raf8 24. f3 Qe6 25. Rfe1 Qd5 26. Ne2 Qxd3 27. Qxd3 Nxd3 28. Reb1
Re6 29. Ng3 d5 30. Kf1 Rf4 31. Ne2 Rf5 32. Ng3 Rfe5 33. h4 d4 34. cxd4 cxd4 35.
b3 Nc5 36. bxa4 Nxa4 37. Rb4 d3 38. Rd1 Rd5 39. Rb3 d2 40. Kf2 Nc5 41. Re3 Rxe3
42. Kxe3 Nb3 43. Ke2 e5 44. Ne4 Rd4 45. Nxd2 Nxd2 46. Rxd2 Ra4 47. Ra2 b4 48.
Kd2 b3 49. Rb2 Rxa3 50. Kc1 Kf7 1-0

[Event "SZCZYRK OPEN - TURNIEJ Z OKAZJI SWIETA NIEPODLEGLOSCI - BLITZ 3'+2'' "]
[Site "Szczyrk"]
[Date "2018-11-11"]
[Round "5.65"]
[White "Reszka, Zofia"]
[Black "Opalka, Marta"]
[Result "1-0"]
[WhiteTitle ""]
[BlackTitle ""]
[WhiteElo "1219"]
[BlackElo "1107"]

1. e4 e6 2. d4 d5 3. Nd2 dxe4 4. Nxe4 Nc6 5. Nf3 Nf6 6. Ng3 Bd6 7. Be3 Bd7 8. Bd3
e5 9. dxe5 Bxe5 10. Nxe5 Nxe5 11. O-O O-O 12. h3 Bc6 13. Qe2 h6 14. Rfd1 Qd5 15.
Bh7+ Kxh7 16. Rxd5 Bxd5 17. Bc5 Rfe8 18. Qd2 b6 19. Bd4 Nc4 20. Qd3+ Kg8 21. Bxf6
gxf6 22. Qxd5 Nxb2 23. Nf5 Kh8 24. Nxh6 Rf8 25. Qd4 Na4 26. Qxa4 Kg7 27. Ng4 f5
28. Qd4+ Kg8 29. Nh6+ Kh7 30. Nxf5 Rg8 31. Qf6 Raf8 32. Qh6# 1-0

[Event "SZCZYRK OPEN - TURNIEJ Z OKAZJI SWIETA NIEPODLEGLOSCI - BLITZ 3'+2'' "]
[Site "Szczyrk"]
[Date "2018-11-11"]
[Round "5.66"]
[White "Oklinski, Franciszek "]
[Black "Rozek, Michal"]
[Result "0-1"]
[WhiteTitle ""]
[BlackTitle ""]
[WhiteElo "1098"]
[BlackElo "1217"]

1. e4 d5 2. exd5 Nf6 3. d4 Nxd5 4. c4 Nf6 5. Nf3 e6 6. Bg5 Be7 7. Nc3 Nc6 8. Be2
O-O 9. O-O Bd7 10. d5 exd5 11. Bxf6 Bxf6 12. cxd5 Ne7 13. Rc1 Bf5 14. Re1 Bxc3
15. Rxc3 Nxd5 16. Rc5 c6 17. Bc4 Be6 18. Bxd5 Bxd5 19. Qa4 Re8 20. Rd1 Qe7 21.
Rc3 Qe2 22. Nd2 b5 23. Qc2 Qg4 24. f3 Qd4+ 25. Kh1 Qf6 26. Nb3 Bxb3 27. Qxb3 Qe6
28. Qxe6 Rxe6 29. Rcc1 Rae8 30. h3 h6 31. Rd7 Re1+ 32. Rxe1 Rxe1+ 33. Kh2 Re2
34. Rxa7 Rxb2 35. Ra6 c5 36. a4 bxa4 37. Rxa4 Rc2 38. Kg3 c4 39. Ra8+ Kh7 40.
Ra7 c3 41. Rxf7 Rc1 42. Rc7 c2 43. Kf2 Kg6 44. Ke2 Kf5 45. g3 Rh1 46. Rxc2 Rxh3
47. Kf2 Rh2+ 48. Ke3 Rxc2 49. g4+ Kg5 50. Ke4 h5 51. gxh5 Kxh5 52. Kf4 g5+ 53.
Kf5 Rf2 54. Ke4 Kh4 55. Ke3 Ra2 56. f4 gxf4+ 57. Kxf4 Rf2+ 58. Ke3 Rf5 59. Ke4
Rh5 60. Ke3 Kg5 61. Ke4 Kf6 62. Kf4 Rh4+ 63. Kg3 Re4 64. Kf3 Kf5 65. Kg3 Re3+
66. Kf2 Ra3 67. Ke2 Ke4 68. Kd2 Rd3+ 69. Ke2 Ra3 70. Kd2 Rb3 71. Kc2 Rh3 72. Kd2
Rg3 73. Kc2 Kd4 74. Kb2 Kc4 75. Kc2 Rg2+ 76. Kd1 Kc3 77. Ke1 Ra2 78. Kd1 Rh2 79.
Ke1 Kd3 80. Kf1 Ra2 81. Ke1 Rb2 82. Kf1 Ke3 83. Kg1 Kf3 84. Kh1 Kg3 85. Kg1 Rb1#
0-1

[Event "SZCZYRK OPEN - TURNIEJ Z OKAZJI SWIETA NIEPODLEGLOSCI - BLITZ 3'+2'' "]
[Site "Szczyrk"]
[Date "2018-11-11"]
[Round "5.67"]
[White "Prawucka, Zofia"]
[Black "Sidlo, Szymon"]
[Result "0-1"]
[WhiteTitle ""]
[BlackTitle ""]
[WhiteElo "1216"]
[BlackElo "1103"]

1. e4 e6 2. d4 d5 3. exd5 exd5 4. Nf3 Nf6 5. Nc3 Be7 6. Bf4 O-O 7. Bd3 Nc6 8. O-O
Bg4 9. h3 Bxf3 10. Qxf3 Nxd4 11. Qe3 Ne6 12. Rfe1 d4 13. Qg3 Nxf4 14. Qxf4 dxc3
15. Qf5 cxb2 16. Rab1 Re8 17. Rxb2 b6 18. Rd1 Qc8 19. Qxc8 Raxc8 20. Ba6 Rcd8
21. Rxd8 Rxd8 22. Kh2 Bd6+ 23. g3 Re8 24. Kg2 Re6 25. Rb3 Bc5 26. Rd3 g6 27. Rd8+
Kg7 28. Rc8 Nd5 29. Bc4 Re5 30. Bxd5 Rxd5 31. Rxc7 Rd2 32. Rxa7 Rxf2+ 33. Kh1
Rxc2 34. a4 Rc1+ 35. Kg2 Rc2+ 36. Kf3 Rf2+ 37. Ke4 Re2+ 38. Kd3 Rh2 39. h4 Rh3
40. Kc4 Rxg3 41. Kd5 Rh3 42. Kc4 Rxh4+ 43. Kd3 b5 44. Ra8 Rxa4 45. Rxa4 bxa4 46.
Kc4 h5 47. Kxc5 a3 48. Kc4 a2 49. Kb3 a1=Q 0-1

[Event "SZCZYRK OPEN - TURNIEJ Z OKAZJI SWIETA NIEPODLEGLOSCI - BLITZ 3'+2'' "]
[Site "Szczyrk"]
[Date "2018-11-11"]
[Round "5.68"]
[White "Karwot, Marek"]
[Black "Kaznowska, Weronika"]
[Result "0-1"]
[WhiteTitle ""]
[BlackTitle ""]
[WhiteElo "1078"]
[BlackElo "1199"]

1. e4 e5 2. Nf3 Nc6 3. Bb5 a6 4. Bxc6 dxc6 5. O-O f6 6. d3 Bc5 7. Nbd2 Ne7 8. b3
O-O 9. Bb2 Ng6 10. Nc4 Bg4 11. h3 Be6 12. Ncd2 Nf4 13. Re1 Qe8 14. Nf1 Qg6 15.
Ng3 Qxg3 0-1

[Event "SZCZYRK OPEN - TURNIEJ Z OKAZJI SWIETA NIEPODLEGLOSCI - BLITZ 3'+2'' "]
[Site "Szczyrk"]
[Date "2018-11-11"]
[Round "5.69"]
[White "Waszkowska, Sandra "]
[Black "Mansz, Martyna "]
[Result "1-0"]
[WhiteTitle ""]
[BlackTitle ""]
[WhiteElo "1177"]
[BlackElo "1066"]

1. d4 e5 2. dxe5 d6 3. exd6 cxd6 4. Nf3 Nc6 5. Nc3 Bf5 6. Bg5 f6 7. Bf4 g5 8. Bg3
g4 9. Nd4 Bg6 10. Nxc6 bxc6 11. e3 Nh6 12. Bd3 Bxd3 13. Qxd3 Bg7 14. Qxd6 Qxd6
15. Bxd6 Rd8 16. Bc5 Kf7 17. Bxa7 Rd7 18. Bd4 c5 19. Bxc5 Rc8 20. Ba3 f5 21. O-O
Bxc3 22. bxc3 Rxc3 23. Bb2 Rxc2 24. Bd4 f4 25. Rfc1 Rd2 26. Bc3 R2d3 27. Bd4 fxe3
28. fxe3 Nf5 29. Rf1 Ke6 30. Rae1 g3 31. h3 Nxd4 32. exd4+ Kd5 33. Rf4 Rxd4 34.
Rxd4+ Kxd4 35. Rd1+ Kc3 36. Rxd7 Kb2 37. Rxh7 Kxa2 38. Rg7 Kb3 39. h4 Kc4 40.
h5 Kd5 41. h6 Ke6 42. h7 Kf6 43. Rxg3 Kf5 44. h8=Q Kf4 45. Qh4+ Kf5 46. Rg5+ Kf6
47. Qh6+ Kf7 48. Rg7+ Kf8 49. Qh8# 1-0

[Event "SZCZYRK OPEN - TURNIEJ Z OKAZJI SWIETA NIEPODLEGLOSCI - BLITZ 3'+2'' "]
[Site "Szczyrk"]
[Date "2018-11-11"]
[Round "5.70"]
[White "Mika, Adrian "]
[Black "Krasniewski, Piotr "]
[Result "1-0"]
[WhiteTitle ""]
[BlackTitle ""]
[WhiteElo "1177"]
[BlackElo "1062"]

1. e4 d6 2. d4 Nf6 3. Nc3 g6 4. Bf4 Bg7 5. Bc4 O-O 6. Nf3 c6 7. Qd2 Bg4 8. Qe3
b5 9. Bb3 a5 10. a3 Nbd7 11. h3 Bxf3 12. Qxf3 e5 13. dxe5 dxe5 14. Bg5 h6 15.
Bxf6 Bxf6 16. Rd1 Qc7 17. O-O Bg5 18. Rd3 f5 19. exf5+ Rf7 20. Bxf7+ Kxf7 21.
fxg6+ Kxg6 22. Qe4+ Kf6 23. Rf3+ Kg7 24. h4 Bf6 25. Qg4+ Kh7 26. Ne4 Rg8 27. Qf5+
Rg6 28. Nxf6+ Nxf6 29. Rd1 Qg7 30. h5 Nxh5 31. g3 Kh8 32. Rd8+ Kh7 33. Rd7 1-0

[Event "SZCZYRK OPEN - TURNIEJ Z OKAZJI SWIETA NIEPODLEGLOSCI - BLITZ 3'+2'' "]
[Site "Szczyrk"]
[Date "2018-11-11"]
[Round "5.71"]
[White "Gawlik, Olivier"]
[Black "Zmuda, Tomasz"]
[Result "0-1"]
[WhiteTitle ""]
[BlackTitle ""]
[WhiteElo "1026"]
[BlackElo "1174"]

1. e4 c5 2. Nf3 e6 3. d4 cxd4 4. Nxd4 Nf6 5. Nc3 Bb4 6. Bd3 O-O 7. Bd2 d5 8. exd5
exd5 9. a3 Re8+ 10. Be2 Bxc3 11. Bxc3 Nc6 12. Nf3 b6 13. O-O Qc7 14. Bxf6 gxf6
15. Re1 Be6 16. Rc1 Ne5 17. Nd4 Nc6 18. Bb5 Bd7 19. Nxc6 Bxc6 20. Rxe8+ Rxe8 21.
Bxc6 Qxc6 22. c3 Qe6 23. h3 a5 24. Kf1 b5 25. Qe1 b4 26. axb4 Qa6+ 27. c4 Rxe1+
28. Kxe1 axb4 29. cxd5 Kg7 30. Rd1 Qd6 31. Ke2 Qe5+ 32. Kf3 f5 33. d6 Qe4+ 34.
Kg3 f4+ 35. Kh2 Qa8 0-1

[Event "SZCZYRK OPEN - TURNIEJ Z OKAZJI SWIETA NIEPODLEGLOSCI - BLITZ 3'+2'' "]
[Site "Szczyrk"]
[Date "2018-11-11"]
[Round "5.72"]
[White "Fil, Grzegorz"]
[Black "Kowalska, Julia"]
[Result "1-0"]
[WhiteTitle ""]
[BlackTitle ""]
[WhiteElo "1173"]
[BlackElo "1033"]

1. c4 e5 2. Nc3 Nc6 3. Nf3 Nf6 4. g3 Bb4 5. Qc2 d6 6. d3 Bg4 7. Bg2 O-O 8. Bd2
h6 9. a3 Bc5 10. b4 Bb6 11. O-O Bh5 12. Rab1 Bg6 13. Nh4 Bh7 14. Kh1 Re8 15. Qb2
Nd4 16. Nf3 Nf5 17. Rfc1 Nd4 18. Nxd4 Bxd4 19. Qb3 Bxf2 20. e3 Ng4 21. Bxb7 Rb8
22. Bc6 Re7 23. e4 Be3 24. Bxe3 Nxe3 25. h3 Rb6 26. b5 Re6 27. Re1 Ng4 28. hxg4
Rg6 29. Qd1 Qg5 30. Rf1 Qxg4 31. Qxg4 Rxg4 32. Kh2 a6 33. Bd5 axb5 34. Bxf7+ Kh8
35. Rxb5 Rxb5 36. Nxb5 Bg6 37. Bxg6 Rxg6 38. a4 Re6 39. a5 Re8 40. a6 c6 41. Nxd6
Ra8 42. Rf7 Rxa6 43. Rc7 1-0

[Event "SZCZYRK OPEN - TURNIEJ Z OKAZJI SWIETA NIEPODLEGLOSCI - BLITZ 3'+2'' "]
[Site "Szczyrk"]
[Date "2018-11-11"]
[Round "5.73"]
[White "Wozniak, Mateusz "]
[Black "Nagly, Wojciech"]
[Result "0-1"]
[WhiteTitle ""]
[BlackTitle ""]
[WhiteElo "1106"]
[BlackElo "1167"]

1. d4 d5 2. c4 e6 3. Nc3 Nf6 4. Bg5 Nbd7 5. e3 c6 6. Nf3 h6 7. Bh4 Qc7 8. cxd5
exd5 9. Bd3 Nb6 10. Qc2 Bb4 11. O-O Bg4 12. Ne5 Be6 13. Bg3 Qe7 14. a3 Bxc3 15.
Qxc3 Ne4 16. Bxe4 dxe4 17. Rac1 Nd5 18. Qc2 Bf5 19. Rfe1 O-O 20. f3 f6 21. Nc4
Bh7 22. Bd6 exf3 23. Qf2 Qd7 24. Bxf8 Rxf8 25. Qxf3 Re8 26. Qg3 Re6 27. Rcd1 Qe7
28. h3 b5 29. Qb8+ Kf7 30. Na5 Nxe3 31. Rd2 Nd5 32. Rxe6 Qxe6 33. Qxa7+ Kg6 34.
Rd1 Qe3+ 35. Kh1 Qe2 36. Rg1 Nf4 37. Nxc6 Qe4 38. Nd8 Nxh3 39. Kh2 Nf4 40. Qf7+
Kg5 41. Qxg7+ Bg6 42. Qd7 Ne2 43. Nf7+ Bxf7 44. Qxf7 Nxg1 45. Qg7+ Kf5 46. Qh7+
Kf4 47. Qxe4+ Kxe4 48. Kxg1 Kxd4 49. Kf2 Kc4 50. Ke2 Kb3 51. Kd3 Kxb2 52. Kd4
Kxa3 53. Kc5 b4 54. Kd6 b3 55. Ke6 b2 0-1

[Event "SZCZYRK OPEN - TURNIEJ Z OKAZJI SWIETA NIEPODLEGLOSCI - BLITZ 3'+2'' "]
[Site "Szczyrk"]
[Date "2018-11-11"]
[Round "5.74"]
[White "Gibas, Aleksander"]
[Black "Kot, Ewelina "]
[Result "0-1"]
[WhiteTitle ""]
[BlackTitle ""]
[WhiteElo "1032"]
[BlackElo "1163"]

1. e4 e6 2. d4 d5 3. e5 c5 4. c3 Nc6 5. Nf3 Qb6 6. Nbd2 cxd4 7. cxd4 Nxd4 8. Nxd4
Qxd4 9. Nb3 Qxe5+ 10. Be3 Qxb2 11. Bb5+ Bd7 12. Bxd7+ Kxd7 13. Nc5+ Bxc5 14. Bxc5
Qe5+ 15. Be3 d4 16. Qa4+ Kd8 17. Qxd4+ Qxd4 18. Bxd4 Ne7 19. Bxg7 Rg8 20. Bf6
Rxg2 21. Rd1+ Ke8 22. Rc1 Nd5 23. Bd4 Rg4 24. Be3 Nxe3 25. fxe3 Re4 26. Ke2 b6
27. Rhg1 Rd8 28. Rc7 Rd7 29. Rg8+ Ke7 30. Rxd7+ Kxd7 31. Ra8 Ra4 32. Rb8 Rxa2+
33. Kf3 a5 34. Rxb6 Rxh2 35. Rb7+ Ke8 36. Rb8+ Ke7 37. Rb7+ Kf6 38. Ra7 Ra2 39.
Kf4 h5 40. e4 e5+ 41. Kf3 Ra3+ 42. Kf2 h4 43. Ra6+ Kg7 44. Rb6 h3 45. Kg1 a4 46.
Rb5 f6 47. Ra5 Ra2 48. Ra7+ Kg6 49. Ra6 a3 50. Kh1 Kg5 51. Ra5 Kf4 52. Ra4 Kg3
53. Ra7 Ra1# 0-1

[Event "SZCZYRK OPEN - TURNIEJ Z OKAZJI SWIETA NIEPODLEGLOSCI - BLITZ 3'+2'' "]
[Site "Szczyrk"]
[Date "2018-11-11"]
[Round "5.76"]
[White "Tomaszewski, Kamil "]
[Black "Filipek, Justyna "]
[Result "0-1"]
[WhiteTitle ""]
[BlackTitle ""]
[WhiteElo "1055"]
[BlackElo "1160"]

1. e4 e5 2. Nf3 Nc6 3. Bb5 Nf6 4. Nc3 Bb4 5. a3 Ba5 6. d3 d6 7. b4 Bb6 8. Ne2 a6
9. Ba4 Bg4 10. h3 Bxf3 11. gxf3 Qd7 12. Ng3 h6 13. Bd2 O-O 14. Qe2 Nd4 15. Qe3
c6 16. Bc3 Ba7 17. Qd2 b5 18. Bb3 Nxf3+ 19. Ke2 Nxd2 20. Kxd2 Bd4 21. Bxd4 exd4
22. Rhg1 Kh8 23. Nf5 Rg8 24. Rae1 Kh7 25. Nh4 Nh5 26. e5 dxe5 27. Rxe5 Nf6 28.
c3 dxc3+ 29. Kxc3 Nd5+ 30. Bxd5 cxd5 31. d4 Qxh3+ 32. Rg3 Qxh4 33. Ree3 Rae8 34.
Rh3 Qf4 35. Rhf3 Rxe3+ 36. Rxe3 Qxf2 37. Re5 Qf3+ 38. Kd2 Qf4+ 39. Kd3 Qf3+ 40.
Kd2 Rc8 41. Re3 Rc2+ 42. Kd3 Rc3+ 43. Kxc3 Qxe3+ 44. Kc2 Qxd4 45. Kb3 Qc4+ 46.
Kb2 f5 47. a4 bxa4 48. b5 Qb3+ 49. Kc1 Qxb5 50. Kc2 Qb3+ 51. Kc1 Qa2 52. Kd1 d4
53. Ke1 d3 54. Kd1 Qc2+ 55. Ke1 Qe2# 0-1